Vývoj obyvateľstva v Slovenskej republike. 3

V tretej časti seriálu venovanom vývoju obyvateľstva sú uverejnené komentované údaje o dojčenskej úmrtnosti, strednej dĺžke života a o vnútornej a zahraničnej migrácii obyvateľstva.

Salvato in:
Dettagli Bibliografici
Autore principale: Tirpák, M.
Natura: Capitolo di libro
Lingua:slovacco
Soggetti:
Tags: Aggiungi Tag
Nessun Tag, puoi essere il primo ad aggiungerne!!

MARC

LEADER 00000naa a2200000 4500
001 r022074
005 20230825075854.3
041 0 |a slo 
044 |a SK 
245 1 0 |a Vývoj obyvateľstva v Slovenskej republike. 3  |c M. Tirpák 
520 |a V tretej časti seriálu venovanom vývoju obyvateľstva sú uverejnené komentované údaje o dojčenskej úmrtnosti, strednej dĺžke života a o vnútornej a zahraničnej migrácii obyvateľstva. 
610 2 0 |a vývoj populačný 
610 2 0 |a úmrtnosť 
610 2 0 |a vek 
610 2 0 |a muži 
610 2 0 |a ženy 
610 2 0 |a obyvateľstvo 
610 2 0 |a migrácia 
610 2 0 |a údaje štatistické 
610 2 0 |a 1990-1995 
610 2 0 |a Slovensko 
100 1 |a Tirpák, M.